| 000 | 01320cam a2200349 i 4500 | ||
|---|---|---|---|
| 999 |
_c7896 _d7896 |
||
| 001 | 991053244729706706 | ||
| 003 | OSt | ||
| 005 | 20240523183316.0 | ||
| 008 | 200605e201910 spc|||| |||| 0|0 0 cat|c | ||
| 017 |
_aDL B 21970-2019 _bBiblioteca de Catalunya |
||
| 020 | _a9788494990038 | ||
| 035 | _a(ES-BaCBU).b73458181 | ||
| 040 |
_aES-BaBAB _bcat _erda _cCDMR |
||
| 043 |
_ae-sp--- _be-spc-- _2catmarc |
||
| 080 |
_a338.46:662.76 _x(460.23) _22004 |
||
| 080 |
_a622.324.5 _22004 |
||
| 080 |
_a544.45 _x(460.23 Ba Barcelona) _22004 |
||
| 080 |
_a659.3:32 _x(460.23 Ba Barcelona) _22004 |
||
| 100 | 1 | _aVilanova, Santiago, | |
| 245 | 1 | 2 |
_aL'Explosió de Capità Arenas : _bla trama del gas natural a la Barcelona preolímpica / _cSantiago Vilanova |
| 264 | 1 |
_aMuntanyola : _b'Apostroph, _c2019 |
|
| 300 |
_a269 pàgines : _bil·lustracions ; _c21 cm |
||
| 490 | 0 | _aAssaig | |
| 504 | _aBibliografia: pàgines 259-269 | ||
| 610 | 2 | 7 |
_aCatalana de Gas i Electricitat. _2lemac |
| 650 | 7 |
_aMitjans de comunicació de massa _xAspectes polítics _zCatalunya _zBarcelona. _2lemac _y1972 |
|
| 650 | 0 |
_aMitjans de comunicació de massa i medi ambient _zCatalunya _92077 |
|
| 907 |
_a.b73458181 _b26-02-21 _c28-10-19 _d05-06-20 _em _fa _g- _hcat _ispc _j0 _k0 |
||
| 908 |
_aBAB _aAHCB _aCLR _aBC _aUPF _aGEPA |
||
| 940 | _aBC | ||
| 942 |
_2udc _cMON |
||